000
00310nam a22001457a 4500
008
210526b ||||| |||| 00| 0 eng d
020
_a
9780132720816
041
_a
eng
080
_2
12th
_a
33
082
_a
33
100
_a
53
101
_a
MEN
245
_a
Retail Management
_c
Berman,B
942
_2
udc
_c
BK
999
_c
57621
_d
57621